[Event "Olympiad-38"]
[Site "Dresden"]
[Date "2008.11.15"]
[Round "3"]
[White "Wang, Yue"]
[Black "Carlsen, Magnus"]
[Result "1/2-1/2"]
[WhiteElo "2736"]
[BlackElo "2786"]
[Annotator "Krasenkow,M"]
[PlyCount "113"]
[EventDate "2008.11.13"]
[EventType "team-swiss"]
[EventRounds "11"]
[EventCountry "GER"]
[SourceTitle "CBM 128"]
[Source "ChessBase"]
[SourceDate "2009.01.28"]
[SourceVersion "1"]
[SourceVersionDate "2009.01.28"]
[SourceQuality "1"]
[WhiteTeam "China"]
[BlackTeam "Norway"]
[WhiteTeamCountry "CHN"]
[BlackTeamCountry "NOR"]

1. d4 Nf6 2. c4 e6 3. Nc3 Bb4 4. Qc2 d5 5. cxd5 exd5 6. Bg5 h6 7. Bxf6 Qxf6 8.
Nf3 O-O 9. e3 Bf5 (9... Re8 10. a3 Bxc3+ 11. Qxc3 c6 12. Be2 Bg4 13. O-O Nd7
14. b4 a6 15. a4 Rac8 16. Rfc1 Qd6 17. Qb2 Nb6 18. b5 Bxf3 19. Bxf3 Nc4 20. Qb1
Nd2 21. Qd3 Nxf3+ 22. gxf3 axb5 23. axb5 c5 $11 {1/2 Rychagov,A (2532)
-Belozerov,A (2549)/chessassistantclub.com INT 2004/EXT 2006 (70)}) 10. Bd3 (
10. Qb3 Qb6 11. Be2 c6 12. O-O Bd6 13. Na4 Qxb3 14. axb3 Nd7 15. Rfc1 Rfe8 16.
Nc5 Nxc5 17. dxc5 Bc7 18. Nd4 Bd7 19. b4 a6 $11 {1/2 Petran,P (2485)-Ravia,M/
Ajka 1992/TD (28)}) 10... Bxd3 11. Qxd3 c6 (11... Nd7 12. O-O c6 {may be a
more accurate order of moves.}) 12. O-O (12. Ne5 $5 Re8 (12... Qe6 $1 {[%cal
Yb8d7]}) 13. O-O Bd6 14. f4 Na6 15. a3 Nc7 16. Rf3 a5 17. Kh1 Rad8 18. Rg1 c5
19. Qf1 c4 20. g4 Qe7 21. g5 $40 {1-0 Papadakis,M (2045)-Dobrev,N (2374)/Dos
Hermanas 2003/EXT 2004 (57)}) 12... Nd7 13. a3 (13. Rfc1 a5 14. Na4 Rfb8 15.
Rab1 Bd6 16. Qc2 Qe7 17. Ne1 Rf8 18. Nd3 f5 19. a3 f4 20. exf4 Bxf4 21. Re1 Qg5
22. Nac5 Nxc5 23. Nxc5 Rf7 24. Re2 Bd6 25. Rbe1 Bxc5 26. Qxc5 Qf4 27. g3 Qf6
28. f4 Raf8 29. Re5 Qg6 30. Kh1 Qg4 $14 {1/2 Haik,A (2425)-Pomar Salamanca,A 
(2430)/Buenos Aires 1978/EXT 2000}) 13... Bxc3 (13... Bd6 $5 14. e4 Qg6 15.
Rad1 (15. Nh4 {[%cal Yh4f5]} Qg4 (15... Qh5 16. Qh3) 16. Nf5 dxe4 17. Qxe4 Qxe4
18. Nxe4 Bc7 $11) 15... dxe4 16. Nxe4 Rfe8 17. Rfe1 Nb6 18. Nc5 Qxd3 19. Nxd3
Rad8 20. Kf1 Rxe1+ 21. Rxe1 Kf8 22. h3 f6 23. Nd2 Kf7 24. Nb3 Bf8 25. Rc1 {
1/2 Donner,J (2470)-Smyslov,V (2620)/Amsterdam 1954/EXT 2001}) 14. Qxc3 Nb6 {
[%cal Yb6c8,Yc8d6,Yb6c4,Yc4d6] The Karlsbad structure with only knights on the
board is considered comfortable for Black. The present game doesn't change
that evaluation but sheds light on some niceties.} 15. Ne5 Qf5 16. Rfc1 f6 17.
Nd3 Nc4 18. Nc5 Nd6 {[%csl Gd6]} 19. Qc2 Qxc2 20. Rxc2 Rae8 21. g3 g5 {This
move creates an object of attack for White (h2-h4).} (21... h5 $5 $11) 22. Kg2
Kg7 23. a4 Re7 24. Rh1 Kg6 25. Rc3 h5 26. h4 Rh8 (26... g4 $5 $11 {The
transfer of White's knight to f4 is harmless.}) 27. Rcc1 (27. hxg5 $5 fxg5 28.
Nd3) 27... Rhh7 28. Rh2 Nf5 $6 (28... g4 {was still possible, with a
completely dead position.}) 29. hxg5 fxg5 30. Nd3 g4 {Now the situation is
completely different: the white knight has got the e5-square, and Black's
h5-pawn is weak.} 31. Rch1 Kg5 32. Nf4 Ng7 33. b4 $1 a6 34. b5 axb5 35. axb5
Rh6 36. Ra1 Nf5 37. Ra8 h4 $5 (37... Rg7 $14 {is possible but the text move
gives White a seemingly attractive possibility.}) 38. gxh4+ (38. Rg8+ Rg7 39.
Rxg7+ Nxg7 40. Rxh4 Rxh4 41. gxh4+ Kxh4 42. bxc6 bxc6 43. Ng6+ Kg5 44. Ne5 {
is hardly enough for a victory, e.g. after} Nh5 45. Nxc6 Kf5) 38... Nxh4+ 39.
Rxh4 $5 {A "brilliant move" but Black miraculously holds his ground. Therefore}
(39. Kf1 $142 $14) 39... Kxh4 $1 (39... Rxh4 40. Rg8+ Kf5 41. Ng6 Rhh7 42.
Nxe7+ Rxe7 43. bxc6 bxc6 44. Kg3 $16) 40. Rg8 {[%cal Rf2f3]} (40. bxc6 bxc6 41.
Rg8 Ra7) 40... Rf7 41. f3 (41. bxc6 Rxc6 $1 (41... bxc6 $2 42. f3 $18) 42. Ng6+
Kh5 43. Ne5 Rf5 44. Nxc6 bxc6 $11) 41... Rxf4 42. exf4 {[%mdl 4096]} cxb5 $1 (
42... gxf3+ 43. Kxf3 {[%csl Rh4] should be lost for Black.}) 43. Rxg4+ (43.
fxg4 Ra6 $1 44. f5 (44. Kf3 Ra3+ 45. Ke2 b4) 44... b4 45. Kf3 Ra1 $1 46. Rh8+
Kg5 47. Rh5+ Kf6 48. Rh6+ Kg5 49. Rg6+ Kh4 50. Kf4 Rf1+ 51. Ke5 b5 $1 52. Rb6
Kxg4 53. f6 Kg5 $11) 43... Kh5 44. Rg5+ Kh4 45. Rg7 $1 (45. Rxd5 $6 Rb6 $1)
45... Kh5 46. Rxb7 Ra6 47. Rxb5 Kh4 $1 48. Rb2 (48. Rxd5 Ra2+ 49. Kf1 Kg3 50.
f5 Kxf3 51. Ke1 Ke4 $11) (48. Kf2 Ra2+ 49. Ke3 Ra3+ 50. Ke2 Ra2+ 51. Kd3 Ra3+
52. Kc2 (52. Kd2 Kg3 53. f5 Kxf3 $11) 52... Rxf3 53. Rxd5 Kg4 54. Rd8 Kf5 $1
55. d5 Ke4 56. d6 Kd5 $11) 48... Ra4 49. Rd2 Kh5 {Despite two extra pawns,
White can't strengthen his position.} 50. Kg3 Rb4 51. Rd1 Ra4 52. Kh3 Ra3 53.
Rh1 Rd3 54. Kg3+ Kg6 55. Rh4 Rd2 56. Rg4+ Kf6 57. f5 1/2-1/2

[Event "Corus"]
[Site "Wijk aan Zee"]
[Date "2009.01.22"]
[Round "5"]
[White "Ivanchuk, Vassily"]
[Black "Carlsen, Magnus"]
[Result "1/2-1/2"]
[WhiteElo "2779"]
[BlackElo "2776"]
[Annotator "CB"]
[PlyCount "48"]
[EventDate "2009.01.17"]
[EventType "tourn"]
[EventRounds "13"]
[EventCountry "NED"]
[EventCategory "19"]
[SourceTitle "CBM 129"]
[Source "ChessBase"]
[SourceDate "2009.03.25"]
[SourceVersion "1"]
[SourceVersionDate "2009.03.25"]
[SourceQuality "1"]

1. e4 e5 2. Nf3 Nc6 3. Bb5 {The Spanish, regarded over the past 5-10 yaesr as
one of the most solid ways to play for Black. Several elite players (eg.
Aronian) confidently hide behind its bastions, without any fear at all.} a6 4.
Ba4 ({It ahs been known since time immemorial that the win of the pawn by} 4.
Bxc6 dxc6 5. Nxe5 {is only temporary:} Qd4) 4... Nf6 5. O-O Be7 6. Re1 b5 {
But now this is necessary, since Bxc6 and Nxe5 was a threat.} 7. Bb3 O-O {
Most modern-day players castle with the pawn still on d7. It is always nice to
threaten a Marshall, even if one actually intends to play another, quieter
line.} 8. c3 {Vassily is not afraid of anything...} d6 {Nor is Magnus, but
even so, he decides not to risk a theoretical duel. Mind you, one cannot
escape from a serious theoretical examination, whatever move one plays here -
the Spanish has been analysed deeply in all its variations..} 9. h3 ({The
classical recipe. From time to time, White chooses the more direct} 9. d4 {
allowing the bishop out to g4.}) 9... a5 {So that's his idea...Excuse my
excessive emotion, but when you are expecting to see the main line, on which
you have commentated innumerable times before, and then you get a fresh move -
well, your eyes light up, the sun shines, and your brain starts to work again.
Actually, the move has been known for a long time. It was first played in 1935
by the Swedish master G Stoltz. At the end of the 1940s it was taken up by the
likes of Bondarevsky, Bolbochan, Rossolimo, etc. But then its popularity waned,
and theory was evidently not convinced of its merits. But lately, it has
become popular again. Black prepares to drive the dangerous Spanish bishop off
the diagonal by means of a5-a4.} 10. d4 {Ivanchuk decides not to prevent his
opponent's plan, but to get on with his own.} ({In a clash between two of the
line's pioneers, the continuation} 10. a4 {was tested. After} b4 11. d4 bxc3
12. Nxc3 Nxd4 13. Nxd4 exd4 14. Qxd4 Rb8 15. Bc4 c6 16. b3 Nd7 17. Bf4 Bf6 18.
Qe3 Ne5 19. Bxe5 Bxe5 20. Rad1 Be6 {Black had excellent play 
(Konstantinopolsky-Bondarevsky, USSR Ch 1948).}) 10... a4 ({The father of the
variation played it differently:} 10... exd4 11. cxd4 a4 12. Bc2 Nb4 13. Nc3
Nxc2 14. Qxc2 c6 15. d5 cxd5 16. exd5 b4 17. Nxa4 Bd7 18. b3 Nxd5 19. Qc4 Bf6
20. Bb2 Bxa4 21. Bxf6 Nxf6 22. bxa4 Rxa4 {and Black had the advantage (Sir G
Thomas-Stoltz, Warsaw 1935).}) 11. Bc2 Bd7 {Introduced into practice by
Smyslov. The bishop develops very modestly. It's main object is not to
obstruct the other pieces, and, of course, also to support the pawn on b5.} 12.
Na3 {It seems that Ivanchuk is well acquainted with the theory, although he
can hardly have prepared for this variation. He spent some time trying to
recall his old knowledge, and then quickly utilises it.} ({The move} 12. Be3 {
allows Black to exchange the strong Spanish bishop, in the style of Stoltz:}
exd4 13. cxd4 Nb4 $1) ({Another move which has been played here is} 12. Nbd2 {
One recent example is} Re8 13. Bd3 Rb8 14. Qe2 Bf8 15. dxe5 Nxe5 16. Nxe5 dxe5
17. Nf3 h6 18. b3 Bc5 19. Be3 Qe7 20. bxa4 bxa4 21. Rab1 Rb6 {and Black
obtained equal chances (G Garcia-Becerra Rivero, USA 2008).}) 12... Rb8 {
Black is prepared for further action on the queenside.} ({Formerly the main
line was considered to be} 12... Qb8 {This queen manoeuvre becmes possible,
thanks to the modest move Bc8-d7. The game Renet-Agdestein, Lyon 1988 continued
} 13. Bd3 exd4 14. cxd4 Nb4 15. Bb1 Qb7 16. Bg5 Rad8 17. Nc2 Na6 18. Ne3 Rfe8
19. Qd3 g6 20. a3 c5 21. e5 dxe5 22. dxe5 Bc6 23. Qc3 Nd5 {and Black won after
a sharp struggle.}) 13. d5 {Apparently a novelty.} ({The last word of theory
here is} 13. Bd3 b4 14. Nc4 bxc3 15. dxe5 Nxe5 16. Nfxe5 dxe5 17. bxc3 Bd6 18.
Bc2 Bc6 19. Bg5 a3 20. Qf3 h6 21. Bc1 Qe7 22. Ne3 Bd7 23. Bb3 Kh8 {1/2-1/2
Yagupov,I (2482)-Zaitsev,I (2417)/Moscow 2000/EXT 2001}) 13... Na7 ({After
some thought, Carlsen retreats the knight deep within its own camp. Of course,
a7 is only a temporary post - Black needs to regroup as quickly as possible
and advance c7-c6. Thus far, White has not yet definitely seized the
initiative. A concrete battle is starting...The clocks times are not
surprising: 1.12 - 1.44. On} 13... Na5 {the reply} 14. b4 $1 {is unpleasant,
eg.} axb3 15. axb3 {and the threat of b3-b4 gives Black some problems.}) ({
The counter-blow} 13... b4 {does not promise equality:} 14. Nc4 $1 Na7 15. cxb4
Rxb4 16. b3 {and White can even attack the queenside successfully.} axb3 17.
axb3 Nc8 18. Ra8) 14. c4 {The whole times Vassily was thinking, I was studying
precisely this move, the sharpest and most aggressive.} Ra8 {An amazingly
quick response, like a table tennis. response. Magnus frees the square b8 for
his queen. But this leads us to ask the question: was 12...Rb8 really a good
move? Wasn't the more usual 12. ..Qb8 better? Amazingly quick...Black had a
number of interesting moves, the consequences of which were not easy to assess.
} ({In the variation} 14... b4 15. Nb1 Qe8 {White obtains the advantage by} 16.
c5 $1) ({Black is simply worse after} 14... bxc4 15. Nxc4 Qe8 16. Be3 Nc8 17.
Rc1 {etc.}) ({It seems to me that the young Norwegian's fighting temperament
is suited by the pawn sacrifice} 14... c6 15. dxc6 Bxc6 16. cxb5 Nxb5 17. Bxa4
Qd7 18. Nxb5 Bxb5 19. Bxb5 Rxb5 20. b3 Qb7 21. Qe2 Rc8 {and a quick central
break with d6-d5 will follow. On the other hand, of course, it is always
easier to sacrifice somebody else's pawns...}) 15. Be3 ({Now Black would answer
} 15. c5 {with} c6 $1 {After} 16. cxd6 Bxd6 17. dxc6 Bxc6 {he has everything
defended, whereas with the queen on e8 (as in the variation above beginning 14.
..b4), the bishop on d6 would be hanging.}) ({whilst after} 15. cxb5 Nxb5 16.
Bxa4 Nc3 $1 17. bxc3 Rxa4 {Black would obtain a definite initiative for the
pawn.}) ({The modest} 15. Bd2 {deserves attention.}) 15... b4 {This is the
drawback of 15. Be3. Black now keeps the c-file closed, on which he has a
backward pawn on c7.} 16. Nb1 c5 {Slamming the door!} 17. a3 ({Note that
exchanging a central pawn for a flank pawn by means of} 17. Bxa4 Nxe4 {would
not be good for White.}) ({However, it was possible to exchange central pawns:
} 17. Nxe5 dxe5 18. d6 {although without great effect:} Re8 19. dxe7 Qxe7 {
with complicated play.}) 17... b3 {The key goes into the lock. Now the
queenside is sealed up for good.} 18. Bd3 {Now all hopes rest on the other
side of the board. Possibly the two sides will prepare the corresponding
breaks f2-f4 and f7-f5.The position looks about equal.} Nxe4 {Lightning from a
clear sky! Carlsen decisively abandons the slow manoeuvering. However, with a
knight on a7, such complications are rarely favourable. Black will regain his
piece, of course, but in the subsequently play, the white army should be
better coordinated.} ({At first, the official site showed Black's move as} 
18... Nxd5 {producing shock the whole chess world over. Admittedly, though,
even the move 18...Nxe4 can hardly be described as the most normal.}) ({
I think that 99 players out of 100 would have played} 18... Nc8 {aiming to put
the knight on b6 and then slowly prepare something on the kingside. The 100th
player is carlsen. True, as far as the rating list is concerned, he is closer
to first. And the rest of us, we ordinary players, follow at a respectful
distance...}) 19. Bxe4 ({vassily does not need much time to take himself in
hand. Weaker is} 19. Nxe5 dxe5 20. Bxe4 Bd6 {and after f7-f5, Black has a good
structure and attacking chances.}) 19... f5 20. Nfd2 ({A surprise in return.
Evidently, Vassily wants to put his queen's knight on d2. I was looking at} 20.
Bd3 e4 21. Nc3 $1 {and in my view, whichever way Black recaptures the piece,
he does not obtain equality. White stands much better in the centre.}) ({
One mystery remains: why did White not play} 20. Nc3 fxe4 21. Nxe4 {By
comparison with the game, his knightis on f3, instead of b1, which is
obviously a significant gain.}) 20... fxe4 21. Qh5 {I would ask you to bear in
mind that I am writing my comments as the game is being played, and before
seeing the next move. I have to make a lot of guesses, based on my own
understanding of the logic of the position.} ({Now it turns out that Ivanchuk
is not planning} 21. Nxe4 {on which one can recommend} Qe8 {and the queen
comes to g6.}) 21... Be8 ({One can well ask what the queen is doing on h5. I
prefer the reply} 21... Qe8 {In the ending, Black puts his bishop on g6 and
his knight on b6, although this can hardly lead to any serious disturbance of
the equality..}) 22. Qe2 Bd7 23. Qh5 Be8 24. Qe2 Bd7 {The players are
evidently worn out by the stress of the game. After the opening, the battle
was very hard and non-standard, and the move 18...Nxe4 was the icing on the
cake.} 1/2-1/2

[Event "Corus"]
[Site "Wijk aan Zee"]
[Date "2009.01.23"]
[Round "6"]
[White "Carlsen, Magnus"]
[Black "Karjakin, Sergey"]
[Result "1/2-1/2"]
[WhiteElo "2776"]
[BlackElo "2706"]
[Annotator "Rogozenco,D"]
[PlyCount "158"]
[EventDate "2009.01.17"]
[EventType "tourn"]
[EventRounds "13"]
[EventCountry "NED"]
[EventCategory "19"]
[SourceTitle "CBM 129"]
[Source "ChessBase"]
[SourceDate "2009.03.25"]
[SourceVersion "1"]
[SourceVersionDate "2009.03.25"]
[SourceQuality "1"]

1. d4 d5 2. c4 c6 3. Nf3 Nf6 4. e3 a6 5. Bd3 Bg4 6. Nbd2 Nbd7 7. Qc2 e6 8. O-O
dxc4 9. Bxc4 Be7 10. e4 O-O 11. Bd3 $146 (11. Ne5 Bh5 (11... Nxe5 $5 12. dxe5
Nd7 13. h3 Bh5 14. f4 b5 15. g4 Bg6 16. Be2 f6 $132) 12. Nxd7 Qxd7 13. Nb3 a5
14. a4 Bg6 15. f3 Nd5 16. Qe2 Nb4 17. Rd1 b6 $11 {1-0 Bacrot,E (2709)
-Drozdovskij,Y (2558)/Odessa 2007 (rapid)/ (56)}) 11... h6 12. h3 Bh5 $11 13.
e5 $6 {White starts doubtful complications.} Nd5 14. g4 Nb4 (14... Bg6 15. Bxg6
fxg6 16. Qxg6 Nf4 17. Qe4 Nxh3+ 18. Kh2 Nf4 19. Nc4 Nd5 20. Kg2 $13 {[%cal
Gf1h1,Gg4g5]}) 15. Bh7+ Kh8 16. Qb1 f5 $1 17. exf6 Nxf6 18. gxh5 (18. Bg6 Bxg6
19. Qxg6 Nfd5 $17) 18... Nxh7 19. Ne5 Kg8 (19... Bd6 {was an attractive
alternative:} 20. Ng6+ Kg8 21. Nxf8 Qg5+ $1 (21... Qxf8 22. Nc4 Bc7 23. Ne5 $16
) 22. Kh1 Rxf8 $44 23. Ne4 $140 $2 Qxh5 $19) 20. Qg6 Rf6 21. Qg4 Ng5 22. Ndc4 (
22. h4 $2 Rf4 $1 23. Qg3 (23. Qxf4 Nh3+ $19) 23... Rxh4 $19) 22... Nd5 23. h4 (
23. Bxg5 hxg5 24. Qxg5 $2 Rf5 $17) 23... Nf7 24. Kh1 Bf8 25. Be3 Ne7 $4 {
Missing White's reply.} (25... Qe8 $1 $15 {[%csl Rh5][%cal Ga8d8,Gf6f5]}) 26.
Nb6 $1 {A nice and unexpected blow.} Ra7 (26... Qxb6 27. Nd7 $16) 27. Ned7 Rf5
28. Rg1 Nd5 29. Nxd5 (29. Nxf8 {wins quicker:} Qxf8 (29... Kxf8 30. Qxg7+ Ke7
31. Bxh6 $1 Nxb6 (31... Qxb6 32. Qf8+ Kd7 33. Rg7 $18) 32. Bg5+ Rxg5 33. hxg5
$18) 30. Nd7 $18) 29... Rxd5 (29... cxd5 30. Nxf8 Qxf8 31. Rac1 Ra8 32. Rc7 $18
) 30. Nxf8 Qxf8 31. Rg3 Ra8 32. Rag1 Kh8 33. Qxe6 $1 (33. Qxg7+ Qxg7 34. Rxg7
Rf8 35. Kh2 Rxh5 36. Kh3 $16) 33... Rxh5 34. Qg4 g6 (34... Rd5 35. Qxg7+ Qxg7
36. Rxg7 $18) 35. d5 $2 {Throwing it all away.} (35. Qxg6 Rxh4+ 36. Kg2 {
[%cal Gg6f6]} Nd6 37. d5 cxd5 38. Bc5 Rd8 39. Kf1 $18) 35... Ne5 36. Bd4 Qf6 $1
{[%csl Rh4]} 37. Bxe5 Qxe5 38. dxc6 bxc6 39. Rd1 Rg8 40. Qd4 Qxd4 41. Rxd4 g5
42. Rc3 Rf8 43. Kg1 ({After} 43. Rxc6 Rxf2 44. Rxa6 {a safe method to make a
draw is the following:} Rxh4+ ({but not} 44... Rxb2 $4 45. Rd8+ $1 Kg7 46. Rd7+
Kg8 47. Ra8+ {and mate}) 45. Rxh4 gxh4 46. Rxh6+ (46. b4 Rb2 47. a3 Kg7 $11)
46... Kg7 47. Rb6 Kf7 48. a4 Ke7 49. a5 Kd7 50. a6 Kc7 51. Rb7+ (51. a7 Rf1+
52. Kg2 Ra1 $11) 51... Kc8 52. b4 Ra2 53. b5 h3 54. Rh7 Kb8 55. Rxh3 {with a
theoretical draw. For instance:} Ka7 56. Rh7+ (56. Kg1 Kb6) 56... Ka8 57. Kg1
Rb2 58. Rh5 Ka7 59. Kf1 Kb6 $11) 43... Rf6 44. hxg5 Rxg5+ 45. Kf1 Kg7 $11 46.
Rdc4 Ra5 47. a3 Rb5 48. Rc2 Rd6 49. a4 Rb6 50. b4 a5 51. bxa5 Ra6 52. Rg4+ Kf7
53. Rc5 Rd5 54. Rgc4 Rxa5 55. Rxc6 Rd1+ 56. Ke2 Ra1 57. Rf4+ Ke7 58. Rcc4 h5
59. Rb4 Ra2+ 60. Kf3 Ra3+ 61. Kg2 Ke6 62. Rbe4+ Kd6 63. f3 Ra2+ 64. Kh3 Ra1 65.
Rd4+ Ke6 66. Rb4 Rg5 67. Rfe4+ Kf6 68. Rf4+ Ke6 69. Rb6+ Ke7 70. Rb2 Rh1+ 71.
Rh2 Ra1 72. Kh4 Rg8 73. Rd4 Kf6 74. Rf4+ Ke5 75. Rb4 Kf5 76. Kh3 Ra3 77. Rf2
Ra8 78. Rb5+ Kf4 79. Rxh5 Rxf3+ 1/2-1/2